000 01834cam a22003737a 4500
001 17238176
003 NUST
005 20221117094740.0
008 120402s2012 enka b 001 0 eng
010 _a 2011277051
015 _aGBB199573
_2bnb
016 7 _a015874659
_2Uk
020 _a9781107013223 (hbk.)
020 _a1107013224 (hbk.)
020 _a9781107601048 (pbk.)
020 _a1107601045 (pbk.)
035 _a(OCoLC)ocn751752415
040 _aUKMGB
_beng
_cUKMGB
_dYDXCP
_dCDX
_dNUI
_dBTCTA
_dBWX
_dMUU
_dDLC
042 _alccopycat
050 0 0 _aTK5102.9
_b.D344 2012
082 0 4 _a621.38220151, DAN
_223
100 1 _aDamelin, Steven B.
_9102760
245 1 4 _aThe mathematics of signal processing /
_cSteven B. Damelin, Willard Miller, Jr.
260 _aCambridge ;
_aNew York :
_bCambridge University Press,
_c2012.
300 _axii, 449 p. :
_bill. ;
_c25 cm.
490 1 _aCambridge texts in applied mathematics ;
_v48
505 0 _aIntroduction (Page-1), Normed vector spaces (Page-3), Analytic tools (Page-73), Fourier series (Page-92),The Fourier transform (Page-127), Compressive sampling (Page-164), Discrete transforms (Page-208),Linear filters (Page-230), Windowed fourier and continuous wavelet transforms. Frames (Page-242),Multiresolution analysis (Page-272), Discrete wavelet theory (Page-341), Biorthogonal filters and wavelets (Page-367), Parsimonious representation of data (Page-401).
650 0 _aSignal processing
_xMathematics.
_994002
700 1 _aMiller, Willard.
_9102761
830 0 _aCambridge texts in applied mathematics ;
_v48.
_910547
906 _a7
_bcbc
_ccopycat
_d2
_encip
_f20
_gy-gencatlg
942 _2ddc
_cBK
999 _c592331
_d592331